| 000 | 00398nam a22001217a 4500 | ||
|---|---|---|---|
| 082 | _aPRO 220 | ||
| 100 |
_aNS SULEMAN ASIF NS ASHIR AZEEM NASIR NS ASIM RAZA MEERANI _970809 |
||
| 245 | _aPR-SOF-1526-DESIGN AND FABRICATION OF SUPERPOSITION STEERING MODULE | ||
| 260 |
_aISKAMABAD _bNUST COLLEGE OF EME _c2016 |
||
| 650 | _aDE-MECH-34 | ||
| 700 |
_aSUPERVISOR DR. RAJA AMER AZIM _970018 |
||
| 942 | _cCR | ||
| 999 |
_c577664 _d577664 |
||